Duże stany graniczące z małymi stanami - Statystyki

Ogólne statystyki
  • Ten quiz został rozwiązany 7 razy
  • Średni wynik to 12 z 14
Statystyki odpowiedzi
Odpowiedź % Poprawnych
Delaware
100%
Nowy Jork
100%
Pensylwania
100%
Rhode Island
100%
Teksas
100%
Connecticut
83%
Maryland
83%
Massachusetts
83%
New Jersey
83%
Oklahoma
83%
Vermont
83%
Arkansas
67%
Luizjana
67%
Wirginia
67%
Nie znaleziono quizów pasujących do podanych kryteriów
Rozkład punktacji
Procent ludzi z każdym wynikiem
Percentyl według liczby udzielonych odpowiedzi
Twoja historia wyników
Nie rozwiązałeś tego quizu